[Event "AUTO-OPEN-1042"]
[Site "http://www.queenalice.com/game.php?id=365450"]
[Date "2008.3.4"]
[Round "1"]
[White "blauwmeisje7"]
[Black "wanderfischer"]
[Result "1-0"]
[WhiteElo "1230"]
[BlackElo "1364"]

1. e4 e5 2. d3 Nf6 3. Bg5 Nc6 4. Be2 Be7 5. Nc3 O-O 6. Nf3 d6 7. b3 h6 8. Bxf6
Bxf6 9. Nd5 Be6 10. Nxf6+ Qxf6 11. Nh4 Qxh4 12. Qd2 f5 13. g3 Qf6 14. c4 fxe4
15. dxe4 Qxf2+ 16. Kd1 Qd4 17. Qxd4 Nxd4 18. Bh5 Rf2 19. a4 Nxb3 20. Rb1 1-0

[Event "AUTO-OPEN-1042"]
[Site "http://www.queenalice.com/game.php?id=365479"]
[Date "2008.3.4"]
[Round "1"]
[White "blauwmeisje7"]
[Black "YouLoseSorry"]
[Result "0-1"]
[WhiteElo "1100"]
[BlackElo "1498"]

1. b4 e5 2. g3 Qf6 3. Bb2 Bxb4 4. Nf3 Qb6 5. e3 Bxd2+ 6. Nbxd2 Qxb2 7. Rc1 e4 8.
Ne5 Qxe5 9. Qg4 Qa5 10. Qxg7 Qa3 11. Rd1 Qxa2 12. Qxh8 Qxc2 13. Qxg8+ Ke7 14.
Qxc8 Qc6 15. Rc1 Qxc1+ 16. Ke2 Qc6 17. Nxe4 Qc2+ 18. Kf3 Qc6 19. Bh3 b5 20. Bxd7
Nxd7 21. Qxa8 Qxa8 22. Ke2 Qxe4 23. f3 Qc2+ 24. Kf1 b4 25. e4 b3 26. e5 b2 0-1

[Event "AUTO-OPEN-1042"]
[Site "http://www.queenalice.com/game.php?id=365480"]
[Date "2008.3.4"]
[Round "1"]
[White "YouLoseSorry"]
[Black "blauwmeisje7"]
[Result "1-0"]
[WhiteElo "1509"]
[BlackElo "1100"]

1. e4 b5 2. Qh5 Nf6 3. Qxb5 a6 4. Qa5 Nc6 5. Qf5 e6 6. Qf3 Nd4 7. Qd3 e5 8. f4
c5 9. fxe5 Ng4 10. c3 Nc6 11. Be2 Be7 12. Bxg4 Bh4+ 13. g3 Bg5 14. h4 Bh6 15.
Qd6 Rb8 16. Qxc5 Bb7 17. Qd5 a5 18. Nh3 Ba6 19. Bh5 g6 20. Rf1 gxh5 21. Qxf7#
1-0

[Event "AUTO-OPEN-1042"]
[Site "http://www.queenalice.com/game.php?id=365481"]
[Date "2008.3.4"]
[Round "1"]
[White "blauwmeisje7"]
[Black "razoman"]
[Result "0-1"]
[WhiteElo "1100"]
[BlackElo "1896"]

1. g4 d5 2. Bg2 Bxg4 3. d4 h6 4. Bf4 e6 5. Nc3 Nf6 6. Nb5 Na6 7. h3 Bf5 8. Bf3
c6 9. Nc3 Bd6 10. e3 O-O 11. Nge2 Nb4 12. Na4 Nxc2+ 13. Kf1 Nxa1 14. Qxa1 Ne4
15. Bxe4 Bxe4 16. Rg1 Bxf4 17. exf4 Qh4 18. Ng3 Bd3+ 19. Kg2 Qxf4 20. Qe1 Qxd4
21. Nc3 b5 22. Qd2 b4 23. Nd1 c5 24. Nh5 Be4+ 0-1

[Event "AUTO-OPEN-1042"]
[Site "http://www.queenalice.com/game.php?id=365482"]
[Date "2008.3.4"]
[Round "1"]
[White "razoman"]
[Black "blauwmeisje7"]
[Result "1-0"]
[WhiteElo "1912"]
[BlackElo "1100"]

1. e4 e5 2. Nf3 Nf6 3. Nxe5 d6 4. Nf3 Be7 5. Nc3 Nc6 6. h3 Be6 7. d4 d5 8. e5
Nh5 9. Bb5 Nf4 10. Bxf4 Bb4 11. a3 Bxc3+ 12. bxc3 a6 13. Bxc6+ bxc6 14. Rb1 O-O
15. O-O a5 16. Ng5 Qe7 17. a4 Bf5 18. g4 Bg6 19. Re1 h6 20. Nf3 Be4 21. Nd2 Bg6
22. Bg3 Qg5 23. f4 Qd8 24. f5 Bh7 25. e6 fxe6 26. Rxe6 Qg5 27. Nf3 Qd8 28. Rxc6
Qe8 29. Ne5 g5 30. Rxc7 Rd8 31. Rbb7 h5 32. Rg7+ Kh8 33. Rxh7+ Kg8 34. Rbg7# 1-0

[Event "Challenge"]
[Site "http://www.queenalice.com/game.php?id=365987"]
[Date "2008.3.5"]
[Round "-"]
[White "kingshess"]
[Black "blauwmeisje7"]
[Result "1-0"]
[WhiteElo "1771"]
[BlackElo "1100"]

1. d4 b5 2. Nf3 Bb7 3. e3 e6 4. Bxb5 Bb4+ 5. c3 Bd6 6. Qb3 a6 7. Bxd7+ Qxd7 8.
Qxb7 Nc6 9. Qxa8+ Ke7 10. e4 f5 11. Bg5+ Kf7 12. Nbd2 h6 13. Be3 Na5 14. c4 Bb4
15. Ne5+ Ke7 16. Nxd7 Kxd7 17. O-O Nf6 18. d5 Rxa8 19. dxe6+ Kxe6 20. a3 Bd6 21.
b4 Nxe4 22. bxa5 g5 23. Nxe4 Be5 24. Rab1 g4 25. Nc5+ Kf6 26. Nd7+ Ke7 27. Nxe5
Re8 28. Bxh6 g3 29. fxg3 c5 30. Rbd1 f4 31. Rxf4 Rc8 32. Bg5+ Ke6 33. Ng6 1-0

[Event "AUTO-OPEN-1044"]
[Site "http://www.queenalice.com/game.php?id=366153"]
[Date "2008.3.5"]
[Round "1"]
[White "ricardosf"]
[Black "blauwmeisje7"]
[Result "1-0"]
[WhiteElo "1474"]
[BlackElo "1212"]

1. e3 e5 2. Bc4 d5 3. Bb5+ c6 4. Bd3 Qd6 5. c4 dxc4 6. Bxc4 b6 7. d4 Qb4+ 8. Bd2
Qxc4 9. Na3 Qa6 10. dxe5 Bc5 11. Rc1 Nh6 12. Nf3 Bg4 13. b4 Be7 14. h3 Bxf3 15.
gxf3 Bh4 16. Rg1 Nf5 17. e4 Nd4 18. b5 cxb5 19. Rxg7 Ke7 20. Rc7+ Ke6 21. Rcxf7
Kxe5 22. f4+ Kxe4 23. Bc3 Nf3+ 24. Ke2 Re8 25. Qd3# 1-0

[Event "AUTO-OPEN-1044"]
[Site "http://www.queenalice.com/game.php?id=366154"]
[Date "2008.3.5"]
[Round "1"]
[White "blauwmeisje7"]
[Black "ricardosf"]
[Result "0-1"]
[WhiteElo "1223"]
[BlackElo "1347"]

1. e4 d5 2. Bb5+ Bd7 3. Nc3 dxe4 4. Nxe4 Bxb5 5. d4 f5 6. Nc5 Qd5 7. Nf3 b6 8.
Nb3 Qe4+ 9. Kd2 Nc6 10. Re1 Qf4+ 11. Kc3 a5 12. a4 Bc4 13. g3 Qg4 14. Bf4 Bd5
15. Nbd2 e5 16. b4 axb4+ 17. Kb2 Nge7 18. Be3 exd4 19. Bxd4 Nxd4 20. Nxd4 Qxd1
21. Rexd1 c5 22. Ne6 Bxe6 23. Kc1 c4 24. h4 c3 25. Nf3 Rd8 26. Rxd8+ Kxd8 27.
Ng5 Kd7 28. Rb1 Nd5 29. f4 b3 30. cxb3 Ba3+ 31. Kc2 h6 32. Nxe6 Kxe6 33. Re1+
Kf6 34. b4 Nxb4+ 35. Kb3 c2 36. Kxa3 Nd3 0-1

[Event "AUTO-OPEN-1044"]
[Site "http://www.queenalice.com/game.php?id=366170"]
[Date "2008.3.5"]
[Round "1"]
[White "blauwmeisje7"]
[Black "TheBigSid"]
[Result "0-1"]
[WhiteElo "1100"]
[BlackElo "2016"]

1. b4 e5 2. Nf3 e4 3. Ng5 d5 4. d4 Bxb4+ 5. Bd2 Bxd2+ 6. Qxd2 Nf6 7. Qb4 c6 8.
Nxf7 Kxf7 9. e3 Qe7 10. Qxe7+ Kxe7 11. Be2 Bg4 12. Bd1 Rf8 13. O-O Bxd1 14. Rxd1
Nbd7 15. f4 exf3 16. gxf3 Ne8 17. Nd2 Nd6 18. f4 Nf6 19. Nb3 Nfe4 20. Rf1 Nf5
21. Na5 Nxe3 22. Rf3 Nxc2 23. Raf1 Nd2 24. f5 Nxf1 25. Rxf1 Nxd4 26. Re1+ Kf6
27. h4 b6 28. Nb7 Nf3+ 0-1

[Event "=]"]
[Site "http://www.queenalice.com/game.php?id=369201"]
[Date "2008.3.11"]
[Round "-"]
[White "Lord"]
[Black "blauwmeisje7"]
[Result "1-0"]
[WhiteElo "1294"]
[BlackElo "1204"]

1. c4 b6 2. Nf3 e5 3. Nxe5 d6 4. Nd3 Bf5 5. Nf4 Bxb1 6. Rxb1 Nf6 7. g3 Ng4 8. f3
Ne5 9. Bh3 Nbc6 10. Qa4 Be7 11. d4 Nd7 12. Qxc6 O-O 13. Bxd7 Bg5 14. h4 Bxf4 15.
gxf4 Qf6 16. Qxc7 Qxd4 17. e3 Qxc4 18. Qxc4 Rad8 19. Bc6 d5 20. Bxd5 Rd6 21. Rg1
1-0

[Event "Challenge"]
[Site "http://www.queenalice.com/game.php?id=371749"]
[Date "2008.3.15"]
[Round "-"]
[White "blauwmeisje7"]
[Black "Hagi"]
[Result "0-1"]
[WhiteElo "1217"]
[BlackElo "1500"]

1. Nf3 d5 2. b4 a5 3. c3 b6 4. Bb2 Nd7 5. d4 a4 6. Ba3 b5 7. e3 e5 8. dxe5 c6 9.
Bd3 Qe7 10. Bf5 g6 11. Bd3 Nxe5 12. Nxe5 Qxe5 13. f4 Qxe3+ 14. Kf1 Qxf4+ 15. Kg1
Ne7 16. Bc1 Qb8 17. g3 Bg7 18. Bf4 Qa7+ 19. Kf1 O-O 20. Bd6 Re8 21. Qe1 Bh3+ 22.
Ke2 Nf5+ 23. Be4 Rxe4+ 24. Kd1 Rxe1+ 25. Kxe1 Nxd6 26. Nd2 Bxc3 27. Rf1 Qe3+ 0-1

[Event "Challenge"]
[Site "http://www.queenalice.com/game.php?id=372195"]
[Date "2008.3.16"]
[Round "-"]
[White "blauwmeisje7"]
[Black "Chesstastic"]
[Result "0-1"]
[WhiteElo "1201"]
[BlackElo "1281"]

1. e3 h6 2. b4 e6 3. Bb2 a5 4. g3 axb4 5. e4 e5 6. Bxe5 d5 7. Bb5+ c6 8. Bxb8
Qf6 9. Ba4 Qxa1 10. Qf3 Qxb1+ 11. Ke2 Rxa4 12. Be5 Rxa2 13. Nh3 Qxc2 14. Nf4
dxe4 15. Qe3 Bg4+ 16. f3 Bxf3+ 17. Kf2 Bxh1 18. Qb6 Qxd2+ 19. Kg1 Qd1# 0-1

[Event "AUTO-INT-857"]
[Site "http://www.queenalice.com/game.php?id=382978"]
[Date "2008.4.6"]
[Round "1"]
[White "Jamtony"]
[Black "blauwmeisje7"]
[Result "1-0"]
[WhiteElo "1666"]
[BlackElo "1254"]

1. e4 e5 2. Bc4 Nf6 3. Qf3 Bc5 4. Nh3 d6 5. O-O b6 6. Ng5 Bg4 7. Bxf7+ Kf8 8.
Ne6+ Kxf7 9. Nxd8+ Ke8 10. Qg3 Be2 11. Qxg7 Rf8 12. Ne6 Bxf1 13. Nxf8 Nxe4 14.
Kxf1 d5 15. Ne6 Bxf2 16. Nxc7+ Kd8 17. Nxa8 Nc6 18. Qc7+ Ke8 19. Qxc6+ Ke7 20.
Qxd5 Ng5 21. Qxe5+ Kf7 22. Qxg5 1-0

[Event "AUTO-INT-857"]
[Site "http://www.queenalice.com/game.php?id=382979"]
[Date "2008.4.6"]
[Round "1"]
[White "blauwmeisje7"]
[Black "Jamtony"]
[Result "0-1"]
[WhiteElo "1211"]
[BlackElo "1668"]

1. e4 e5 2. d3 Bc5 3. Nf3 Nc6 4. Bg5 f6 5. Bh4 Nd4 6. Nxd4 Bxd4 7. Be2 Bxb2 8.
Nd2 Bxa1 9. Qxa1 g6 10. Bg4 d6 11. Bxc8 Qxc8 12. Nf3 Qg4 13. h3 Qxg2 14. Ke2 g5
15. c4 gxh4 16. Rg1 Qxh3 17. Qb1 O-O-O 18. d4 exd4 19. Nxd4 Re8 20. Nb5 Kb8 21.
Qb4 Rxe4+ 22. Kd1 Nh6 23. Qa5 Qf3+ 24. Kc2 Qe2+ 0-1

[Event "Challenge"]
[Site "http://www.queenalice.com/game.php?id=386697"]
[Date "2008.4.12"]
[Round "-"]
[White "blauwmeisje7"]
[Black "Guiguiu"]
[Result "0-1"]
[WhiteElo "1263"]
[BlackElo "1515"]

1. e4 e5 2. Bc4 a6 3. d3 Nc6 4. Nf3 h6 5. Be3 Nf6 6. Nc3 Bb4 7. O-O Bxc3 8. bxc3
b5 9. Bd5 Bb7 10. Bxc6 Bxc6 11. Nxe5 O-O 12. Qf3 Qe7 13. Nxf7 Rxf7 14. d4 Bxe4
15. Qh3 Bxc2 16. Rac1 Bd3 17. Rfd1 Bc4 18. f4 Ne4 19. Qg4 d5 20. f5 Kh7 21. Rf1
Bxf1 22. Rxf1 Nxc3 23. f6 Qxe3+ 24. Kh1 Rxf6 25. Rxf6 Qe1+ 0-1